000
00252nam a2200097Ia 4500
005
20251222114403.0
008
251222s1900||||xx |||||||||||||| ||spa||
082
_a
DVD0111/S54/2007/Ej.2
245
0
_a
Los Simpson la pelĂcula:The Simpson movie
942
_c
DVD
999
_c
1723
_d
1723